[Event "Dhaka Marcel 1st Division"]
[Site "Dhaka"]
[Date "2019.11.18"]
[Round "7.3"]
[White "Suvankar, Maity"]
[Black "Nayem, Haque"]
[Result "1/2-1/2"]
[WhiteElo "1795"]
[BlackElo "1875"]
[PlyCount "44"]
[EventDate "2019.11.12"]
[EventType "team-tourn"]
[EventRounds "9"]
[EventCountry "BAN"]
[SourceTitle "CBM 193 Extra"]
[Source "ChessBase"]
[SourceDate "2020.01.31"]
[SourceVersion "1"]
[SourceVersionDate "2020.01.31"]
[SourceQuality "1"]
[WhiteTeam "Basir Memorial"]
[BlackTeam "Leonine CC"]
[WhiteTeamCountry "BAN"]
[BlackTeamCountry "BAN"]

1. e4 d5 2. exd5 Qxd5 3. Nc3 Qa5 4. d4 c6 5. Bc4 Nf6 6. Nge2 Bg4 7. f3 Bf5 8. 0-0 e6 9. Bd3 Bxd3 10. Qxd3 Be7 11. a3 Nbd7 12. Ne4 0-0 13. Be3 Qd8 14. c4 Nxe4 15. Qxe4 Bd6 16. Rfd1 Qc7 17. Bf4 Nf6 18. Bxd6 Qxd6 19. Qe5 Rad8 20. Nc3 Rd7 21. Kf2 Rdd8 22. Kg1 Rd7 1/2-1/2

[Event "Udaipur Lakecity op 3rd"]
[Site "Udaipur"]
[Date "2019.03.30"]
[Round "5"]
[White "Gulhariya, BK."]
[Black "Suvankar, Maity"]
[Result "1/2-1/2"]
[WhiteElo "1691"]
[BlackElo "1911"]
[PlyCount "123"]
[EventDate "2019.03.28"]
[EventType "swiss"]
[EventRounds "8"]
[EventCountry "IND"]
[SourceTitle "CBM 189 Extra"]
[Source "ChessBase"]
[SourceDate "2019.05.31"]
[SourceVersion "1"]
[SourceVersionDate "2019.05.31"]
[SourceQuality "1"]

1. d4 d5 2. c4 e6 3. Nc3 f5 4. Nf3 c6 5. e3 Nf6 6. Bd3 Bd6 7. Bd2 0-0 8. Qb3 Kh8 9. h4 Ne4 10. cxd5 exd5 11. Ne2 Nd7 12. g3 Ndf6 13. Nf4 Qe8 14. Bb4 Bxb4+ 15. Qxb4 a5 16. Qa3 Bd7 17. Ne5 Ng4 18. Bxe4 Nxe5 19. Bg2 Ng6 20. h5 Nxf4 21. gxf4 Rf6 22. 0-0-0 b6 23. Kb1 Qe6 24. Bf3 Be8 25. Rdg1 Rc8 26. Qb3 Rb8 27. Rg5 Qd6 28. Rhg1 Rf7 29. Qc2 Bd7 30. Qd2 Be6 31. Qc3 a4 32. R1g3 b5 33. Qe1 Rc7 34. Qg1 Qf8 35. Bd1 c5 36. Qe1 Rbc8 37. a3 Qd6 38. Qd2 Qc6 39. Rg1 b4 40. dxc5 bxa3 41. Qc3 a2+ 42. Ka1 Qxc5 43. Qxc5 Rxc5 44. Bxa4 Rc1+ 45. Rxc1 Rxc1+ 46. Kxa2 Rf1 47. Bc2 Rxf2 48. Bxf5 h6 49. Bxe6 hxg5 50. fxg5 Re2 51. Bxd5 Rxe3 52. h6 g6 53. Bf7 Kh7 54. b4 Re7 55. Bc4 Re5 56. b5 Rxg5 57. b6 Ra5+ 58. Kb3 Ra8 59. Bd5 Rb8 60. b7 Kxh6 61. Kc4 Kg7 62. Kb4 1/2-1/2

[Event "Udaipur Lakecity op 3rd"]
[Site "Udaipur"]
[Date "2019.03.30"]
[Round "6"]
[White "Suvankar, Maity"]
[Black "Dhruv, Dak"]
[Result "1-0"]
[WhiteElo "1911"]
[BlackElo "1684"]
[PlyCount "149"]
[EventDate "2019.03.28"]
[EventType "swiss"]
[EventRounds "8"]
[EventCountry "IND"]
[SourceTitle "CBM 189 Extra"]
[Source "ChessBase"]
[SourceDate "2019.05.31"]
[SourceVersion "1"]
[SourceVersionDate "2019.05.31"]
[SourceQuality "1"]

1. e4 c5 2. Ne2 e6 3. Nbc3 Nc6 4. g3 Nf6 5. Bg2 Be7 6. 0-0 0-0 7. d4 cxd4 8. Nxd4 a6 9. a3 Qc7 10. Be3 Re8 11. Nb3 d6 12. f4 Bd7 13. g4 g6 14. h3 h5 15. g5 Nh7 16. h4 Na5 17. Nxa5 Qxa5 18. Qe2 Rac8 19. Qf2 d5 20. Rfd1 Bc5 21. Bxc5 Qxc5 22. Qxc5 Rxc5 23. exd5 exd5 24. Rxd5 Rc7 25. Rad1 Nf8 26. Ne4 Kg7 27. Nf6 Re7 28. Rd6 Bg4 29. R1d2 Re1+ 30. Kf2 Rce7 31. Bf1 Rb1 32. Nd5 Re8 33. Rb6 Ree1 34. Ne3 Rxe3 35. Kxe3 Rxf1 36. Rxb7 Rf3+ 37. Ke4 Ne6 38. Ra7 Rxf4+ 39. Ke5 Rf5+ 40. Kd6 Nc5 41. Rd4 Bf3 42. b4 Ne4+ 43. Kc7 Nc3 44. a4 Be2 45. Kd8 Nxa4 46. c4 Nb6 47. c5 Nd5 48. c6 Nf4 49. c7 Ne6+ 50. Ke7 Nxc7 51. Rxc7 Re5+ 52. Kd6 Re6+ 53. Kc5 Bb5 54. Rf4 Be8 55. Rb7 Kf8 56. Rb6 Ke7 57. Rxe6+ Kxe6 58. Rf6+ Ke5 59. Kb6 Bb5 60. Rxf7 Bd3 61. Kc5 Bf5 62. Kb6 Bd3 63. Rf3 Bb5 64. Rf6 Bd3 65. Ka5 Bf5 66. Kxa6 Kf4 67. b5 Kg4 68. b6 Be4 69. b7 Bxb7+ 70. Kxb7 Kxh4 71. Rxg6 Kg4 72. Rg8 Kf5 73. g6 Kf6 74. g7 Kg6 75. Rh8 1-0

[Event "Udaipur Lakecity op 3rd"]
[Site "Udaipur"]
[Date "2019.03.29"]
[Round "4"]
[White "Suvankar, Maity"]
[Black "Aaditya, Dhingra"]
[Result "1/2-1/2"]
[WhiteElo "1911"]
[BlackElo "1742"]
[PlyCount "66"]
[EventDate "2019.03.28"]
[EventType "swiss"]
[EventRounds "8"]
[EventCountry "IND"]
[SourceTitle "CBM 189 Extra"]
[Source "ChessBase"]
[SourceDate "2019.05.31"]
[SourceVersion "1"]
[SourceVersionDate "2019.05.31"]
[SourceQuality "1"]

1. d4 d5 2. Nf3 Nf6 3. c4 e6 4. g3 dxc4 5. Bg2 a6 6. a4 Nc6 7. 0-0 Bd6 8. Nbd2 0-0 9. e4 Be7 10. e5 Nd5 11. Nxc4 Rb8 12. Qe2 b5 13. Ne3 Ncb4 14. axb5 axb5 15. Bd2 Bb7 16. Rfc1 Nxe3 17. Bxe3 Nd5 18. Nd2 Ba8 19. Nb3 Rb6 20. Bd2 b4 21. Ra6 Qb8 22. Na5 Rxa6 23. Qxa6 c5 24. dxc5 Qxe5 25. c6 Qxb2 26. c7 Nxc7 27. Rxc7 Bd8 28. Rd7 Qa1+ 29. Bf1 Qxa5 30. Bxb4 Qxb4 31. Qxa8 Bb6 32. Qf3 h6 33. Bd3 Bd8 1/2-1/2